[Event "CHN-chW 2019"]
[Site "Xinghua"]
[Date "2019.05.20"]
[Round "9.9"]
[White "Zhai, Mo"]
[Black "Shen, Yang"]
[Result "1/2-1/2"]
[WhiteElo "2365"]
[BlackElo "2449"]
[Annotator "TA"]
[PlyCount "125"]
[EventDate "2019.05.11"]
[EventType "tourn"]
[EventCountry "CHN"]
[SourceTitle "playchess.com"]
[Source "ChessBase"]
[SourceQuality "1"]

{[%evp 12,125,15,22,25,23,22,24,12,8,13,8,17,15,19,19,29,15,19,15,21,16,23,17,19,10,14,12,20,20,22,27,26,21,19,6,15,6,40,33,41,42,41,42,61,60,61,59,60,62,60,60,55,60,57,58,67,67,67,45,67,68,74,60,74,37,37,37,37,38,39,39,39,39,39,14,19,19,27,8,8,8,37,8,8,8,8,8,8,8,8,8,8,15,29,15,40,40,40,40,40,0,0,0,0,0,0,0,0,0,0,0,1,0,0,0]} 1. d4 d5 2. c4 c6 3. Nf3 Nf6 4. Nc3 dxc4 5. a4 e6 6. e3 c5 7. Bxc4 Nc6 {D16: Slav Defence: 5 a4: Lines with 5...Bg4 and 5...Na6} (7... cxd4 8. exd4 Be7 9. O-O O-O 10. d5 exd5 11. Nxd5 Nxd5 12. Bxd5 Nd7 13. h3 Nf6 14. Bc4 b6 15. Qb3 {½-½ (30) Nakamura,H (2746)-Shankland,S (2731) Saint Louis 2019}) 8. O-O Be7 9. dxc5 Qxd1 {White has an edge.} 10. Rxd1 Bxc5 11. Bd2 O-O 12. Be1 b6 13. Nb5 a5 $146 ({Predecessor:} 13... Nb4 14. Nc7 Rb8 15. Bxb4 Bxb4 {1-0 (71) Zhou,W (2606)-Zhang,Z (2318) China 2017}) 14. Rac1 h6 15. Nd6 Rd8 16. Nxc8 Rxd1 17. Rxd1 Rxc8 18. Kf1 Bb4 19. Ba6 Rb8 20. Rc1 Bxe1 21. Rxc6 Bb4 22. Ne5 Nd5 23. e4 Ne7 {[#] And now ...f6 would win.} 24. Rc2 Ra8 25. Bb5 Rc8 26. Rxc8+ Nxc8 $14 {[%mdl 4096] Endgame KBN-KBN} 27. Nd7 f6 28. e5 fxe5 29. Nxe5 Bd6 30. Nc4 $1 {[#] Strongly threatening Bd7.} Bc5 31. Bd7 Nd6 32. Bxe6+ Kh8 33. Ne5 Bd4 34. Ng6+ Kh7 35. Nf8+ Kh8 36. b3 g5 37. Bd5 Ne8 38. h4 Nc7 39. Be4 Kg7 40. Ng6 Kf6 41. hxg5+ hxg5 42. Nf8 Ne6 43. Nd7+ Ke7 44. Nb8 Kd6 45. Nc6 Bf6 {Hoping for ...Nc5.} 46. b4 Nd4 47. b5 Kc5 48. g3 Kc4 49. Nxd4 $1 Bxd4 $11 {KB-KB} 50. Bc2 Kc3 51. Bd1 $1 Kd2 52. Bh5 Kc3 53. Kg2 Kb4 54. Bd1 Kc5 55. f3 Kd6 56. Kh3 Ke5 {The position is equal.} 57. Kg4 Be3 58. Bc2 Bd2 59. Bd3 Be3 60. Kh5 Kf6 61. Be4 Bd2 62. Kg4 Ke5 63. Bc2 {Accuracy: White = 64%, Black = 81%.} 1/2-1/2

[Event "CHN-chW 2019"]
[Site "Xinghua"]
[Date "2019.05.20"]
[Round "9.10"]
[White "Chu, Ruotong"]
[Black "Huang, Qian"]
[Result "1/2-1/2"]
[WhiteElo "2180"]
[BlackElo "2440"]
[Annotator "RC"]
[PlyCount "62"]
[EventDate "2019.05.11"]
[EventType "tourn"]
[EventCountry "CHN"]
[SourceTitle "playchess.com"]
[Source "ChessBase"]
[SourceQuality "1"]
[TimeControl "5400+30"]

1. d4 {[%emt 0:00:00]} c5 {[%emt 0:01:01]} 2. d5 {[%emt 0:00:00]} e5 {[%emt 0:00:08]} 3. c4 {[%emt 0:00:17]} d6 {[%emt 0:00:10]} 4. e4 {[%emt 0:00:58]} g6 {[%emt 0:01:09]} 5. Nc3 {[%emt 0:00:08]} Bg7 {[%emt 0:00:05]} 6. g3 {[%emt 0:00:17]} Nf6 {[%emt 0:08:26]} 7. Bg2 {[%emt 0:00:17]} O-O {[%emt 0:00:05]} 8. Nge2 {[%emt 0:00:34]} Bd7 {[%emt 0:03:10]} 9. O-O {[%emt 0:05:36]} Qc8 {[%emt 0:00:10]} 10. f4 {[%emt 0:13:47]} Ne8 {[%emt 0:01:35]} 11. fxe5 {[%emt 0:10:08]} dxe5 {[%emt 0:04:00]} 12. Be3 {[%emt 0:03:57]} Nd6 {[%emt 0:01:35]} 13. b3 {[%emt 0:00:37]} b6 {[%emt 0:04:49]} 14. Qd2 {[%emt 0:03:09]} Bh3 {[%emt 0:02:04]} 15. Bh6 {[%emt 0:08:03]} Bxg2 {[%emt 0:05:31]} 16. Kxg2 {[%emt 0:00:08]} Nd7 {[%emt 0:00:30]} 17. a4 {[%emt 0:00:44]} a6 {[%emt 0:00:35]} 18. Nc1 {[%emt 0:15:17]} Bxh6 {[%emt 0:30:10]} 19. Qxh6 {[%emt 0:00:07]} b5 {[%emt 0:00:06]} 20. axb5 {[%emt 0:02:47]} axb5 {[%emt 0:00:10]} 21. Rxa8 {[%emt 0:00:07]} Qxa8 {[%emt 0:00:05]} 22. cxb5 {[%emt 0:00:11]} Qa5 {[%emt 0:00:15]} 23. Qe3 {[%emt 0:02:49]} Nxb5 {[%emt 0:09:48]} 24. Nxb5 {[%emt 0:00:07]} Qxb5 {[%emt 0:00:04]} 25. Qc3 {[%emt 0:05:59]} f6 {[%emt 0:04:40]} 26. Rf2 {[%emt 0:05:11]} Rb8 {[%emt 0:02:00]} 27. Rc2 {[%emt 0:00:29]} Kg7 {[%emt 0:01:55]} 28. g4 {[%emt 0:01:49]} h6 {[%emt 0:02:12]} 29. Nd3 {[%emt 0:00:46]} Qxb3 {[%emt 0:14:40]} 30. Qxb3 {[%emt 0:00:08]} Rxb3 {[%emt 0:00:04]} 31. Nxc5 {[%emt 0:00:07]} Nxc5 {[%emt 0:00:05]} 1/2-1/2

[Event "CHN-chW 2019"]
[Site "Xinghua"]
[Date "2019.05.20"]
[Round "9.11"]
[White "Ni, Shiqun"]
[Black "Zhang, Lanlin"]
[Result "1-0"]
[WhiteElo "2439"]
[BlackElo "2181"]
[Annotator "TA"]
[PlyCount "53"]
[EventDate "2019.05.11"]
[EventType "tourn"]
[EventCountry "CHN"]
[SourceTitle "playchess.com"]
[Source "ChessBase"]
[SourceQuality "1"]

{[%evp 15,52,9,34,30,66,62,89,89,94,67,87,81,147,141,173,175,183,183,179,176,204,217,215,192,187,180,177,169,238,241,295,254,269,256,371,364,565,572,29999]} 1. e4 e5 2. Nf3 Nc6 3. Bb5 a6 4. Ba4 Nf6 5. O-O Be7 6. Bxc6 dxc6 7. d3 Bg4 8. h3 Bxf3 9. Qxf3 {C85: Closed Ruy Lopez: Deferred Exchange Variation} Rg8 $146 ({Predecessor:} 9... O-O 10. Nd2 Nd7 11. Nc4 Bf6 12. Qg3 Re8 13. f4 b5 14. Ne3 exf4 15. Qxf4 Ne5 16. Nf5 Kh8 17. Qf2 Ng6 18. Rb1 Re6 19. Be3 Qd7 {0-1 (41) Forcen Esteban,D (2539)-Gretarsson,H (2559) Benasque 2015}) 10. Nd2 Nd7 11. Nc4 {White is better.} Bf6 12. Bd2 Qe7 13. a4 g5 ({Better is} 13... Bg5) 14. b4 b6 15. Ne3 Qe6 16. Rfc1 Be7 17. a5 Nf6 18. axb6 cxb6 19. Ra4 b5 20. Ra5 Bd8 21. Ra3 a5 (21... g4 {is a better defense.} 22. hxg4 Nxg4) 22. bxa5 $18 c5 23. Rca1 Ra6 24. Rb3 Qc6 (24... b4 $142 25. Nc4 g4 26. hxg4 Nxg4) 25. Qf5 Bc7 (25... Nd7 {keeps fighting.} 26. Qxh7 Kf8) 26. Qc8+ Ke7 27. Nf5# {Accuracy: White = 89%, Black = 24%.} 1-0

[Event "CHN-chW 2019"]
[Site "Xinghua"]
[Date "2019.05.20"]
[Round "9.12"]
[White "Qiu, Mengjie"]
[Black "Ning, Kaiyu"]
[Result "0-1"]
[WhiteElo "2219"]
[BlackElo "2256"]
[Annotator "TA"]
[PlyCount "40"]
[EventDate "2019.05.11"]
[EventType "tourn"]
[EventCountry "CHN"]
[SourceTitle "playchess.com"]
[Source "ChessBase"]
[SourceQuality "1"]

{[%evp 10,68,14,19,8,10,0,-15,13,2,10,-35,-37,-37,-33,-88,-17,-22,-28,-10,0,-41,-10,-113,-97,-97,-108,-133,-119,-154,-150,-130,-85,-136,-118,-335,-275,-677,-687,-674,-666,-783,-783,-738,-737,-700,-414,-411,-413,-383,-410,-398,-394,-627,-627,-621,-609,-931,-835,-834,-761]} 1. e4 e6 2. d4 d5 3. exd5 exd5 4. Nf3 Nf6 5. Bd3 Bd6 6. Qe2+ Be6 {C01: French: Exchange Variation} 7. Ng5 Qe7 8. O-O (8. Nxe6 fxe6 9. Nd2 Nc6 10. Nf3 O-O 11. O-O e5 12. dxe5 Nxe5 13. Nxe5 Qxe5 14. Qxe5 Bxe5 {½-½ (40) Kovalev,V (2687)-L'Ami,E (2643) Wijk aan Zee 2019}) 8... O-O {The position is equal.} 9. Nxe6 fxe6 10. Re1 $146 ({Predecessor:} 10. c4 c5 11. Re1 Nc6 12. Qxe6+ Qxe6 13. Rxe6 Rfe8 14. Rxe8+ Rxe8 {0-1 (38) Crnic,M (2322)-Braakhuis,W (2313) IECG email 1999}) 10... Nc6 11. c3 e5 12. Bg5 (12. Be3 $15) 12... e4 (12... Qd7 $17 13. Nd2 e4) 13. Bc2 $1 $11 Qf7 14. Nd2 Kh8 15. Bb3 Ne7 16. c4 (16. Bxf6 $1 $11 {remains equal.} Qxf6 17. f3) 16... c6 17. cxd5 cxd5 18. Nf1 Qg6 19. Bxf6 Rxf6 ({Stronger than} 19... gxf6 20. Ne3 $11) 20. Ne3 Raf8 {Played: Qg6-g5} 0-1

[Event "CHN-chW 2019"]
[Site "Xinghua"]
[Date "2019.05.21"]
[Round "10.7"]
[White "Guo, Qi"]
[Black "Ning, Kaiyu"]
[Result "1/2-1/2"]
[WhiteElo "2361"]
[BlackElo "2256"]
[Annotator "TA"]
[PlyCount "61"]
[EventDate "2019.05.11"]
[EventType "tourn"]
[EventCountry "CHN"]
[SourceTitle "playchess.com"]
[Source "ChessBase"]
[SourceQuality "1"]

{[%evp 12,61,22,14,15,0,0,0,0,0,0,0,0,0,0,0,12,0,0,-13,0,6,29,27,28,30,29,14,17,17,23,15,24,21,16,2,43,38,45,37,26,35,30,38,45,38,38,0,41,0,39,0]} 1. d4 d5 2. c4 e6 3. Nc3 Nf6 4. cxd5 Nxd5 5. e4 Nxc3 6. bxc3 c5 7. Rb1 Be7 {D35: Queen's Gambit Declined: Exchange Variation} 8. Nf3 O-O 9. Be2 b6 {The position is equal.} 10. O-O Bb7 11. Qd3 Nc6 $146 ({Predecessor:} 11... cxd4 12. cxd4 Ba6 13. Qe3 Bxe2 14. Qxe2 Qc7 15. d5 exd5 16. exd5 {1-0 (42) Gustafsson,J (2641)-Eichler,C (2315) Germany 2018}) 12. Qe3 Na5 13. Rd1 Qc7 14. Bd3 Rac8 15. d5 c4 16. Bc2 e5 17. Nd2 Rcd8 18. Nf1 Bc8 19. Qg3 f6 20. Ne3 Bd6 21. Qf3 g6 22. h4 h5 23. Qe2 a6 24. a4 Kg7 25. Bd2 Bd7 26. Rb2 Rb8 27. Ra1 Rfc8 28. Nf1 Bc5 29. Ne3 Bd6 30. Nf1 Bc5 31. Ne3 {Accuracy: White = 48%, Black = 65%.} 1/2-1/2

[Event "CHN-chW 2019"]
[Site "Xinghua"]
[Date "2019.05.21"]
[Round "10.8"]
[White "Zhang, Lanlin"]
[Black "Qiu, Mengjie"]
[Result "1/2-1/2"]
[WhiteElo "2181"]
[BlackElo "2219"]
[Annotator "TA"]
[PlyCount "61"]
[EventDate "2019.05.11"]
[EventType "tourn"]
[EventCountry "CHN"]
[SourceTitle "playchess.com"]
[Source "ChessBase"]
[SourceQuality "1"]

{[%evp 24,61,3,0,16,-4,77,0,0,-6,-8,-15,20,-11,0,-1,0,0,14,13,62,15,10,19,41,27,35,14,31,22,48,1,42,42,42,36,35,35,22,3]} 1. e4 e5 2. Nf3 Nc6 3. d4 exd4 4. Nxd4 Nf6 5. Nc3 Bb4 6. Nxc6 bxc6 7. Bd3 O-O 8. O-O d5 9. exd5 cxd5 10. Bg5 c6 11. Qf3 Bd6 12. h3 Rb8 13. Rab1 h6 {C47: Scotch Four Knights and Four Knights with 4 g3} 14. Bf4 Qc7 {[#]} (14... Be6 $11 {keeps the balance.}) (14... Be6 15. Ne2 c5 16. c3 Re8 17. Rfd1 Rb6 18. Bc2 Bxf4 19. Nxf4 Qb8 20. b3 a5 21. Re1 {1-0 (33) Dubov,D (2694)-Matlakov,M (2709) Moscow 2018}) 15. Bxd6 $146 ({Better is} 15. Bxh6 $1 $16 {[%mdl 512]} Re8 (15... gxh6 16. Qxf6) 16. Rfe1) ({Predecessor:} 15. Bxh6 Rb4 16. Bg5 Nh7 17. Bd2 Rh4 18. Ne2 Bg4 19. Qe3 Nf6 20. f4 Re8 21. Qf2 {1-0 (57) Bekedam,T (1879)-Bulthuis,J (1852) Maastricht 2015}) 15... Qxd6 $11 16. Ne2 Re8 17. Rfd1 Qe5 18. c3 Bf5 {[#] And now ...Bxd3 would win.} 19. Nd4 Bxd3 20. Qxd3 Rb6 21. c4 Qe4 22. cxd5 Qxd3 23. Rxd3 cxd5 24. Kf1 g6 25. Rb3 (25. f3 {looks sharper.} Ra6 26. a3 Rc8 27. Rbd1 Kg7 28. R1d2) 25... Rxb3 26. Nxb3 {KRN-KRN} Rc8 27. Re1 Kf8 28. Rc1 Rxc1+ 29. Nxc1 Ke7 30. Ke2 Kd6 31. Kd3 {Accuracy: White = 27%, Black = 13%.} 1/2-1/2

[Event "CHN-chW 2019"]
[Site "Xinghua"]
[Date "2019.05.21"]
[Round "10.9"]
[White "Huang, Qian"]
[Black "Ni, Shiqun"]
[Result "1/2-1/2"]
[WhiteElo "2440"]
[BlackElo "2439"]
[Annotator "TA"]
[PlyCount "54"]
[EventDate "2019.05.11"]
[EventType "tourn"]
[EventCountry "CHN"]
[SourceTitle "playchess.com"]
[Source "ChessBase"]
[SourceQuality "1"]

{[%evp 9,54,20,20,-19,0,-17,-26,-14,7,-15,0,-10,18,-22,-16,-25,-19,-30,0,-20,-18,-24,-9,-18,0,0,0,0,0,0,0,0,0,0,0,0,0,0,0,0,0,-3,0,0,0,0,0]} 1. Nf3 Nf6 2. c4 g6 3. d4 Bg7 4. e3 O-O 5. Be2 b6 (5... d6 6. O-O Nbd7 7. Nc3 e5 8. Qc2 c6 9. b3 Re8 10. Ba3 exd4 11. Nxd4 Nc5 12. Rad1 Qe7 13. b4 Nce4 14. Bb2 Nxc3 15. Qxc3 d5 16. Nb3 Nh5 17. Nd4 Nf6 18. a3 {½-½ (32) Mamedyarov,S (2817)-Nepomniachtchi,I (2763) Wijk aan Zee 2019}) 6. d5 $146 {E60: King's Indian: Unusual lines and Fianchetto Variation without Nc3} ({Predecessor:} 6. O-O Bb7 7. Nc3 Ne4 8. Nxe4 Bxe4 9. d5 d6 10. Nd2 Bf5 11. e4 Bc8 12. Rb1 c6 13. b3 cxd5 14. cxd5 {1-0 (60) Braun,A (2598)-Fressinet,L (2655) chess.com INT 2019}) 6... e6 7. Nc3 exd5 8. cxd5 {Black has an edge.} Ba6 9. Nd4 Bxe2 10. Ndxe2 c5 11. dxc6 dxc6 12. O-O Qe7 13. Qc2 c5 14. a3 Nc6 15. b3 Rfd8 16. Bb2 {The position is equal.} Ne4 {And now ...Rd2 would win.} 17. Rad1 {Threatening Nd5.} Nxc3 18. Bxc3 Rxd1 19. Rxd1 Rd8 20. h3 Rd6 21. Bxg7 Kxg7 22. Nc3 Qd8 23. Rxd6 Qxd6 24. Ne4 Qd5 25. Nc3 Qd6 26. Ne4 Qd5 27. Nc3 Qd6 {Accuracy: White = 70%, Black = 53%.} 1/2-1/2

[Event "CHN-chW 2019"]
[Site "Xinghua"]
[Date "2019.05.21"]
[Round "10.10"]
[White "Shen, Yang"]
[Black "Chu, Ruotong"]
[Result "1/2-1/2"]
[WhiteElo "2449"]
[BlackElo "2180"]
[Annotator "TA"]
[PlyCount "101"]
[EventDate "2019.05.11"]
[EventType "tourn"]
[EventCountry "CHN"]
[SourceTitle "playchess.com"]
[Source "ChessBase"]
[SourceQuality "1"]

{[%evp 13,101,10,10,6,16,3,111,91,106,96,75,80,118,65,87,0,0,-10,-6,-8,0,0,0,-16,18,0,0,-10,0,-68,0,0,0,-69,0,0,0,0,0,0,0,0,0,0,0,0,0,0,0,0,0,0,0,0,0,0,12,11,16,0,7,8,39,40,29,0,0,0,0,0,0,0,0,0,0,0,0,0,0,0,0,0,0,-56,-56,-56,-56,-57,-57,-57]} 1. d4 d5 2. Nf3 Nf6 3. c4 dxc4 4. e3 e6 5. Bxc4 a6 6. O-O c5 7. Bb3 Be7 8. Nc3 {D27: Queen's Gambit Accepted: Classical main line: 7 e4!? and 7 a4} b5 9. e4 {next e5 is good for White.} (9. Qe2 Nbd7 10. Rd1 Bb7 11. e4 c4 12. Bc2 Qb6 13. e5 Nd5 14. Bg5 Nxc3 15. bxc3 Qd8 16. Be4 Bxe4 17. Qxe4 O-O 18. h4 Nb6 {½-½ (39) Mamedyarov,S (2791)-Eljanov,P (2720) Heraklio 2017}) 9... b4 {[#]} (9... Bb7 $11 {keeps the balance.}) 10. Na4 $1 $16 {White is better.} Nxe4 $146 ({Predecessor:} 10... cxd4 11. e5 Ne4 12. Nxd4 O-O 13. Be3 Bb7 14. Rc1 Qa5 15. f3 Nc5 16. Nf5 exf5 17. Bxc5 Qc7 18. Bd6 Qd8 19. Rc7 Bxd6 20. Qxd6 Qxd6 21. exd6 {1-0 (21) Georgiev,V (2508)-Bromann,T (2250) Andorra 1999}) 11. Qc2 Bb7 12. dxc5 {Hoping for Bf4.} Qc7 {[%cal Re4c5]} 13. Be3 (13. Nb6 $16 {And now Ba4+ would win.} O-O 14. Nxa8 Bxa8 15. c6 Qxc6 16. Qe2) 13... Nf6 14. Qd2 (14. Nb6 $16) 14... Bxf3 $11 15. gxf3 Nc6 16. Qe2 a5 17. Rfd1 O-O 18. f4 (18. Nb6 {feels hotter.} Rad8 19. Rac1 Rxd1+ 20. Rxd1 Rd8 21. f4) 18... g6 19. Qf3 Rad8 20. h3 Nh5 21. Qe4 (21. Rxd8 $1 $11 Rxd8 22. Rd1) 21... Nf6 (21... Ng7 $1 $15) 22. Qf3 Nh5 23. Rac1 (23. Qe4 $11) 23... Bf6 (23... Ng7 $1 $15) 24. Qe4 Bg7 25. Rd6 Ne7 26. Rxd8 Rxd8 27. c6 {[#] Bb6 is the strong threat.} Nf6 28. Qe5 Rc8 $1 29. Nb6 Nfd5 30. Qxc7 Rxc7 31. Nxd5 exd5 32. Bb6 Rxc6 33. Rxc6 Nxc6 34. Bxd5 {[%mdl 4096] Endgame KBB-KBN} Bd4 35. Bc7 Ne7 36. Be4 f5 37. Bf3 Bxb2 38. Bxa5 Ba3 39. Kf1 Kf7 40. Ke2 Ke6 41. Kd3 Nd5 42. Kc4 Nxf4 43. h4 Nh3 44. Bb6 g5 45. Bd5+ Ke5 46. Bc7+ Kf6 47. Bd8+ Kg6 48. Bxg5 ({White should play} 48. Bc6 $11) 48... Nxg5 $15 {Black is slightly better.} 49. hxg5 Kxg5 50. Kd3 Kf4 51. Ke2 {Accuracy: White = 68%, Black = 69%.} 1/2-1/2

[Event "CHN-chW 2019"]
[Site "Xinghua"]
[Date "2019.05.21"]
[Round "10.11"]
[White "Zhu, Jiner"]
[Black "Zhai, Mo"]
[Result "1/2-1/2"]
[WhiteElo "2439"]
[BlackElo "2365"]
[Annotator "TA"]
[PlyCount "94"]
[EventDate "2019.05.11"]
[EventType "tourn"]
[EventCountry "CHN"]
[SourceTitle "playchess.com"]
[Source "ChessBase"]
[SourceQuality "1"]

{[%evp 17,94,19,23,6,13,7,16,18,27,18,19,-13,26,33,29,26,37,14,15,8,8,14,14,19,17,4,8,0,27,18,35,33,44,13,21,12,19,0,5,0,0,0,0,-37,-40,-97,-99,-136,-142,-129,-98,-178,-197,-200,-180,-193,-193,-122,-31,-41,0,0,0,0,0,0,0,0,0,0,0,0,0,0,0,0,0,0,0]} 1. e4 e5 2. Nf3 Nc6 3. Bb5 Nf6 4. O-O Nxe4 5. d4 Nd6 6. Bxc6 dxc6 7. dxe5 Nf5 8. Qxd8+ Kxd8 9. Nc3 Ke8 10. Bf4 {C67: Ruy Lopez: Berlin Defence: 4 0-0 Nxe4} Be7 11. h3 h5 12. Rad1 Be6 13. Ng5 Rh6 14. Nce4 {[#]} Rg6 $146 ({Predecessor:} 14... c5 15. Nxe6 Rxe6 16. Rfe1 Rd8 17. Rxd8+ Kxd8 18. c3 {1-0 (61) Alekseev,E (2662)-Ponomariov,R (2758) Saratov 2011}) 15. Nxe6 Rxe6 16. Rfe1 h4 17. Ng5 Rg6 18. Nf3 Rd8 19. Rxd8+ Kxd8 20. Re4 c5 21. Ra4 a6 22. Bd2 Rb6 23. Rf4 g6 24. b3 Re6 25. Bc3 b5 26. Kf1 Nh6 27. Bd2 Ke8 28. g4 hxg3 $1 29. fxg3 Nf5 30. Kf2 Nd4 31. Nxd4 (31. c4 $15) 31... cxd4 $15 {[%mdl 4096] Endgame KRB-KRB} 32. Kf3 Rc6 33. Rxd4 Rxc2 34. a4 {[#]} (34. Ba5 $17) 34... c5 $1 $19 {[%cal Rc5d4]} 35. Rd5 Rb2 36. Rd3 c4 37. bxc4 bxc4 ({Black should play} 37... bxa4 $17 {...Rc2 is the strong threat.} 38. Bc3 Rc2) 38. Rd4 $15 Rb3+ 39. Ke4 {The position is equal.} Rxg3 40. Rxc4 Rxh3 41. Rc8+ Kd7 42. Ra8 Rh4+ 43. Kd5 {[#] Black must now prevent Ra7+.} Rxa4 44. Ra7+ Ke8 45. Ra8+ Kd7 $1 46. Ra7+ Ke8 47. Ra8+ Kd7 $1 {Accuracy: White = 45%, Black = 56%.} 1/2-1/2

[Event "CHN-chW 2019"]
[Site "Xinghua"]
[Date "2019.05.21"]
[Round "10.12"]
[White "Ren, Xiaoyi"]
[Black "Xiao, Yiyi"]
[Result "0-1"]
[WhiteElo "2261"]
[BlackElo "2290"]
[Annotator "TA"]
[PlyCount "48"]
[EventDate "2019.05.11"]
[EventType "tourn"]
[EventCountry "CHN"]
[SourceTitle "playchess.com"]
[Source "ChessBase"]
[SourceQuality "1"]

{[%evp 18,48,18,0,8,0,0,0,0,-30,0,-3,-14,0,-1,-2,-22,-23,-37,-62,-60,-68,-76,-61,-60,-201,-92,-89,-106,-207,-100,-968,-961]} 1. e4 e5 2. Nf3 Nc6 3. Bc4 Nf6 4. d3 Be7 5. O-O O-O 6. c3 d5 7. exd5 Nxd5 8. Re1 Bg4 9. h3 Bh5 10. Nbd2 Nb6 {C55: Two Knights: 4 d3, 4 d4 exd4 5 e5 and Max Lange Attack} 11. Bb5 f6 (11... Bd6 12. Ne4 a6 13. Bxc6 bxc6 14. Ng3 Bg6 15. d4 exd4 16. Nxd4 Bxg3 17. fxg3 c5 18. Nc6 Qxd1 19. Rxd1 Rfe8 {½-½ (49) Bocharov,I (2563)-Moiseenko,V (2501) St Petersburg 2018}) 12. Ne4 Qd5 {The position is equal.} 13. c4 (13. Bxc6 $5 bxc6 14. c4 $11) 13... Qf7 14. Bxc6 bxc6 15. b3 $146 ({Predecessor:} 15. Qe2 Rfd8 16. Ng3 Bg6 17. Rd1 Qe6 18. Be3 {½-½ (34) Lorenz,N (1729)-Samorukova,J (1695) Stuttgart 2007}) 15... Rad8 16. Qe2 Rfe8 17. Bb2 Nd7 18. Ng3 Bg6 19. Rad1 Nc5 {[%cal Rc5d3]} 20. Ne4 Ne6 21. Bxe5 (21. Bc3 $15) 21... Bb4 (21... fxe5 $19 22. Nxe5 Nd4) 22. Bc3 $17 Nf4 23. Qc2 {[#]} (23. Qf1 $17 Bxe4 24. Rxe4 Rxe4 25. dxe4 Rxd1 26. Qxd1 Bxc3 27. Qd8+ Qf8 28. Qxc7 Ne2+ 29. Kf1) 23... Bxe4 (23... Bxc3 $1 $19 {has better winning chances.} 24. Nxc3 Bh5 25. Rxe8+ Rxe8) 24. Bxb4 $4 {[%mdl 8192]} ({Not} 24. dxe4 $2 Rxd1 25. Rxd1 Bxc3 $19) (24. Rxe4 $17 Rxe4 25. dxe4 Rxd1+ 26. Qxd1 Bxc3 27. Qd8+ Qf8 28. Qxc7 Ne2+ 29. Kf1) 24... Bxf3 {Accuracy: White = 30%, Black = 57%.} 0-1

[Event "CHN-chW 2019"]
[Site "Xinghua"]
[Date "2019.05.22"]
[Round "11.7"]
[White "Xiao, Yiyi"]
[Black "Guo, Qi"]
[Result "1/2-1/2"]
[WhiteElo "2290"]
[BlackElo "2361"]
[Annotator "ChessBase"]
[PlyCount "61"]
[EventDate "2019.05.11"]
[EventType "tourn"]
[EventCountry "CHN"]
[SourceTitle "playchess.com"]
[Source "ChessBase"]
[SourceQuality "1"]
[TimeControl "5400+30"]

1. d4 {[%emt 0:00:00]} d5 {[%emt 0:00:00]} 2. Nf3 {[%emt 0:01:32]} Nf6 {[%emt 0:00:00]} 3. c4 {[%emt 0:01:09]} e6 {[%emt 0:00:00]} 4. g3 {[%emt 0:00:24]} dxc4 {[%emt 0:00:34]} 5. Bg2 {[%emt 0:00:13]} c5 {[%emt 0:00:13]} 6. O-O {[%emt 0:00:28]} Nc6 {[%emt 0:00:06]} 7. dxc5 {[%emt 0:13:10]} Qxd1 {[%emt 0:00:08]} 8. Rxd1 {[%emt 0:00:02]} Bxc5 {[%emt 0:00:08]} 9. Nbd2 {[%emt 0:00:08]} c3 {[%emt 0:00:06]} 10. bxc3 {[%emt 0:00:04]} O-O {[%emt 0:00:06]} 11. Nb3 {[%emt 0:00:17]} Be7 {[%emt 0:00:06]} 12. Nfd4 {[%emt 0:00:46]} Bd7 {[%emt 0:00:24]} 13. Bg5 {[%emt 0:05:20]} Rac8 {[%emt 0:00:52]} 14. Nb5 {[%emt 0:24:53]} Rfd8 {[%emt 0:02:53]} 15. Nd6 {[%emt 0:01:00]} Bxd6 {[%emt 0:00:31]} 16. Rxd6 {[%emt 0:00:21]} Be8 {[%emt 0:00:06]} 17. Rad1 {[%emt 0:00:46]} Rxd6 {[%emt 0:00:10]} 18. Rxd6 {[%emt 0:00:02]} b6 {[%emt 0:01:03]} 19. Bf4 {[%emt 0:10:02]} h6 {[%emt 0:07:33]} 20. Rd2 {[%emt 0:05:40]} Ng4 {[%emt 0:06:34]} 21. c4 {[%emt 0:05:37]} Nge5 {[%emt 0:00:50]} 22. c5 {[%emt 0:00:35]} bxc5 {[%emt 0:02:10]} 23. Nxc5 {[%emt 0:00:16]} g5 {[%emt 0:01:27]} 24. Bxc6 {[%emt 0:05:04]} Nxc6 {[%emt 0:28:54]} 25. Be3 {[%emt 0:00:29]} Rd8 {[%emt 0:06:14]} 26. Rxd8 {[%emt 0:00:29]} Nxd8 {[%emt 0:00:03]} 27. Ne4 {[%emt 0:01:02]} Bc6 {[%emt 0:01:22]} 28. Nd6 {[%emt 0:01:10]} a6 {[%emt 0:00:13]} 29. Bb6 {[%emt 0:01:01]} Nb7 {[%emt 0:00:09]} 30. Nxb7 {[%emt 0:00:36]} Bxb7 {[%emt 0:00:04]} 31. f3 {[%emt 0:00:31]} 1/2-1/2

[Event "CHN-chW 2019"]
[Site "Xinghua"]
[Date "2019.05.22"]
[Round "11.8"]
[White "Zhai, Mo"]
[Black "Ren, Xiaoyi"]
[Result "1-0"]
[WhiteElo "2365"]
[BlackElo "2261"]
[Annotator "ChessBase"]
[PlyCount "38"]
[EventDate "2019.05.11"]
[EventType "tourn"]
[EventCountry "CHN"]
[SourceTitle "playchess.com"]
[Source "ChessBase"]
[SourceQuality "1"]
[TimeControl "5400+30"]

1. c4 {[%emt 0:00:00]} Nf6 {[%emt 0:00:00]} 2. d4 {[%emt 0:00:00]} e6 {[%emt 0:00:00]} 3. Nc3 {[%emt 0:00:14]} Bb4 {[%emt 0:00:00]} 4. Nf3 {[%emt 0:05:03]} O-O {[%emt 0:00:22]} 5. g3 {[%emt 0:02:49]} d5 {[%emt 0:00:26]} 6. Bg2 {[%emt 0:02:29]} dxc4 {[%emt 0:05:30]} 7. O-O {[%emt 0:00:13]} Nc6 {[%emt 0:03:28]} 8. Bg5 {[%emt 0:02:43]} Rb8 {[%emt 0:04:57]} 9. e3 {[%emt 0:11:06]} Bxc3 {[%emt 0:10:27]} 10. bxc3 {[%emt 0:00:07]} Qd6 {[%emt 0:00:11]} 11. Bxf6 {[%emt 0:02:15]} gxf6 {[%emt 0:00:06]} 12. Nd2 {[%emt 0:00:08]} Na5 {[%emt 0:09:00]} 13. Ne4 {[%emt 0:22:03]} Qe7 {[%emt 0:01:26]} 14. Qg4+ {[%emt 0:00:36]} Kh8 {[%emt 0:00:09]} 15. Qh4 {[%emt 0:00:13]} Kg7 {[%emt 0:00:07]} 16. g4 {[%emt 0:00:28]} Rg8 {[%emt 0:17:32]} 17. Ng3 {[%emt 0:01:04]} Nc6 {[%emt 0:09:43]} 18. Nh5+ {[%emt 0:06:15]} Kf8 {[%emt 0:02:42]} 19. Nxf6 {[%emt 0:00:46]} Rh8 {[%emt 0:02:12]} 1-0